Russell's soil conditions and plant growth (Record no. 80285)

MARC details
000 -LEADER
fixed length control field 00826nam a2200205 a 4500
008 - FIXED-LENGTH DATA ELEMENTS--GENERAL INFORMATION
fixed length control field 120416s1988 ||||||||||||||||| || u
020 ## - INTERNATIONAL STANDARD BOOK NUMBER
International Standard Book Number 0582446775
050 ## - LIBRARY OF CONGRESS CALL NUMBER
Classification number S 591 Rus
100 ## - MAIN ENTRY--PERSONAL NAME
Personal name Russell, Edward John, Sir 1872-1965
245 10 - TITLE STATEMENT
Title Russell's soil conditions and plant growth
Statement of responsibility, etc. edited by Alan Wild
250 ## - EDITION STATEMENT
Edition statement 11th ed.
260 ## - PUBLICATION, DISTRIBUTION, ETC.
Place of publication, distribution, etc. New York
Name of publisher, distributor, etc. Longman Scientific & Technical
Date of publication, distribution, etc. 1988
300 ## - PHYSICAL DESCRIPTION
Extent ix, 991p. : ill
350 ## -
-- 0.00
650 #0 - SUBJECT ADDED ENTRY--TOPICAL TERM
Topical term or geographic name entry element SOIL SCIENCE
650 #0 - SUBJECT ADDED ENTRY--TOPICAL TERM
Topical term or geographic name entry element CROPS AND SOILS
700 ## - ADDED ENTRY--PERSONAL NAME
Personal name Wild, Alan
995 ## -
-- BINDERY (DAMAGED)
-- 0.00
-- 727063
-- CBU-MAIN LIBRARY (Kitwe)
-- 2
-- 64.00
-- S 591 Rus
-- 2
-- DAMAGED
-- 018179
-- Main Library Open Access Collection
995 ## -
-- BINDERY (DAMAGED)
-- 0.00
-- 727064
-- CBU-MAIN LIBRARY (Kitwe)
-- 1
-- 64.00
-- S 591 Rus
-- 1
-- DAMAGED
-- 018178
-- Main Library Open Access Collection
999 ## -
-- 80285
-- 80285
Holdings
Withdrawn status Lost status Source of classification or shelving scheme Damaged status Not for loan Permanent Location Current Location Shelving location Date acquired Total Checkouts Full call number Barcode Date last seen Copy number Price effective from Koha item type
          CBU-MAIN LIBRARY, KITWE. CBU-MAIN LIBRARY, KITWE.   06/29/2023   S 591 Rus 018179 06/29/2023 1 06/29/2023 MONOGRAPH
          CBU-MAIN LIBRARY, KITWE. CBU-MAIN LIBRARY, KITWE.   06/29/2023   S 591 Rus 018178 06/29/2023 2 06/29/2023 MONOGRAPH